[Event "IRI-ch U12"]
[Site "Chess.com INT"]
[Date "2021.01.16"]
[Round "4"]
[White "Mohammadyansichani, Arshia"]
[Black "Abedi, Sorosh"]
[Result "0-1"]
[WhiteElo "1782"]
[BlackElo "1359"]
[PlyCount "152"]
[EventDate "2021.01.16"]
[EventType "swiss"]
[EventRounds "11"]
[EventCountry "IRI"]
[SourceTitle "EXT 2022"]
[Source "ChessBase"]
[SourceDate "2021.10.06"]
[SourceVersion "1"]
[SourceVersionDate "2021.10.06"]
[SourceQuality "1"]

1. e4 c5 2. Nc3 Nc6 3. f4 g6 4. Nf3 Bg7 5. g3 d6 6. Bg2 Bg4 7. h3 Bxf3 8. Qxf3 h5 9. 0-0 e6 10. f5 exf5 11. exf5 Bd4+ 12. Kh1 g5 13. Nd5 Nf6 14. c3 Be5 15. d4 g4 16. Qe2 cxd4 17. Bg5 Kf8 18. h4 dxc3 19. bxc3 Rg8 20. Qd2 Rxg5 21. hxg5 Nxd5 22. Bxd5 Bxg3 23. Bxc6 bxc6 24. f6 Be5 25. Qd3 Kg8 26. g6 Qd7 27. gxf7+ Qxf7 28. Qf5 Rf8 29. Qg5+ Kh7 30. Qf5+ Qg6 31. f7 Kg7 32. Qf3 Rxf7 33. Qxf7+ Qxf7 34. Rxf7+ Kxf7 35. Rc1 h4 36. c4 g3 37. Kg2 Kg6 38. Kh3 Bf6 39. Rb1 d5 40. cxd5 cxd5 41. Rb7 d4 42. Rxa7 Kf5 43. a4 Ke4 44. a5 d3 45. Rd7 Bd4 46. Rxd4+ Kxd4 47. a6 d2 48. a7 d1Q 49. a8Q Qf1+ 50. Kxh4 g2 51. Qa7+ Kd3 52. Qa6+ Kd2 53. Qa5+ Ke2 54. Qa2+ Ke3 55. Qa3+ Qd3 56. Qc1+ Qd2 57. Qa3+ Kf2 58. Qc5+ Qe3 59. Qc2+ Qe2 60. Qc5+ Kf1 61. Kh3 g1Q 62. Qc1+ Qe1 63. Qc4+ Kf2 64. Qf4+ Ke2 65. Qe4+ Qe3+ 66. Qxe3+ Kxe3 67. Kg4 Qf1 68. Kg5 Qf4+ 69. Kg6 Ke4 70. Kg7 Ke5 71. Kg8 Ke6 72. Kg7 Qf7+ 73. Kh8 Qf6+ 74. Kh7 Qg5 75. Kh8 Kf7 76. Kh7 Qg7# 0-1

[Event "IRI-ch U12"]
[Site "Chess.com INT"]
[Date "2021.01.16"]
[Round "2"]
[White "Rajabzadeh, Arsam"]
[Black "Abedi, Sorosh"]
[Result "0-1"]
[WhiteElo "1013"]
[BlackElo "1359"]
[PlyCount "68"]
[EventDate "2021.01.16"]
[EventType "swiss"]
[EventRounds "11"]
[EventCountry "IRI"]
[SourceTitle "EXT 2022"]
[Source "ChessBase"]
[SourceDate "2021.10.06"]
[SourceVersion "1"]
[SourceVersionDate "2021.10.06"]
[SourceQuality "1"]

1. e4 c5 2. c3 Nf6 3. e5 Nd5 4. d4 cxd4 5. cxd4 Nc6 6. Nf3 d6 7. exd6 Qxd6 8. Nc3 Bf5 9. Bd3 Bxd3 10. Qxd3 e6 11. Be3 Be7 12. 0-0 0-0 13. Rad1 Ncb4 14. Qb1 Rac8 15. Nxd5 Nxd5 16. Rc1 Nxe3 17. fxe3 g6 18. Rxc8 Rxc8 19. Rc1 Rxc1+ 20. Qxc1 Qd5 21. b3 Qe4 22. Kf2 Bf6 23. Ke2 g5 24. h3 h5 25. Kf2 g4 26. hxg4 hxg4 27. Nd2 g3+ 28. Kxg3 Qxe3+ 29. Kh2 Bxd4 30. Qd1 Qh6+ 31. Kg3 Be5+ 32. Kf2 Qf4+ 33. Kg1 Bd4+ 34. Kh1 Qh4# 0-1